00702 2200253 4500001002100000005001500021035002000036007000300056008003900059020001900098082000800117084001400125100001800139245005400157250001300211260003900224300003600263500001100299650004100310650003700351990002000388990002000408990002000428INLIS00000000000314620220908094126 a0010-0922000062ta220908 | | |  a978979534215-1 a608 a608 DUN s0 aDuncan Brewer1 a100 Pengetahuan Tentang Penemuan /cDuncan Brewer aCet. 12. aBandung. :bPT. Pakar Raya,c2007. a48 hlm. :bilus. ;c20 x 28 cm. aIndeks aPengalih Bahasa, Rachma Apsari, A.Md aPenyunting Bahasa, Ir. Rudiyanto a12787/P/BL/2016 a12783/P/BL/2016 a12785/P/BL/2016